000 00602nam a2200181Ia 4500
008 100917s9999 xx 000 0 und d
082 _b40690
100 _aरजनीस द. मा.
245 _aसंभोगातून समाधीकडे
260 _bजीवन जागृती प्रकाशन
_c1971
300 _a136
365 _b5
520 _aअध्यात्म
630 _aसंभोगातून समाधीकडे
650 _aअध्यात्म
730 _aसंभोगातून समाधीकडे
942 _cBOOK
999 _c646084
_d646081